000
00308nam a22001337a 4500
020
_a
81-87057-00-9
082
_a
920
_b
BHO/A
100
_a
BHOLA P.L
245
_a
GREAT INDIAN
_b
ASHOKA- THE GREAT
260
_a
GURGAON
_b
PRASHANT PUBLICATION
300
_a
15
650
_a
LIFE OF ASHOKA
_z
INDIA
942
_c
BK
999
_c
5796
_d
5796